Mots de la langue française se terminant par "Lon" - culture générale - Statistiques

Statistiques générales
  • Ce quiz a été pris 130 fois
  • Le résultat moyen est 16 sur 20
Statistiques - réponses
Indice Réponse % Correct
Petit de l'aigle Aiglon
96%
Gros grain froid tombant du ciel Grêlon
92%
Dans les pieds de Mbappé Ballon
90%
Gros insecte noir et jaune Frelon
90%
Fruit d'été ou forme de chapeau Melon
90%
Acteur français né en 1935 et décédé le 18 août 2024 Delon
89%
Partie rigide à l'arrière d'une chaussure Talon
89%
Chenille qui deviendra un insecte avec 4 ailes Papillon
88%
Petit du chameau Chamelon
85%
Épreuve sportive contenant la course en ski de fond et le tir à la carabine Biathlon
81%
Cheval destiné à la reproduction Etalon
79%
Dieu grec de la beauté masculine Apollon
78%
Petits cailloux recouvrant les allées Gravillons
77%
Instrument de musique à cordes frottées Violon
77%
Maison individuelle entourée d'un jardin Pavillon
76%
Gouttelettes de salive Postillon
73%
Ensemble de cloches Carillon
69%
Maladie infectieuse contagieuse le plus souvent infantile Oreillons
66%
Rouge vif tirant sur l'orangé Vermillon
55%
Petite sieste Roupillon
48%
Aucun quiz correspondant
Distribution des résultats
% des personnes avec chaque résultat
Percentile par nombre de réponses
Votre historique - résultats
Vous n’avez pas pris ce quiz